Gang of four entertainment
Сохранить в:
| Главный автор: | |
|---|---|
| Формат: | |
| Язык: | английский |
| Опубликовано: |
Bloomsbury
2014
|
| Метки: |
Добавить метку
Нет меток, Требуется 1-ая метка записи!
|
MARC
| LEADER | 00000nam a22000007a 4500 | ||
|---|---|---|---|
| 008 | 240403b |||||||| |||| 00| 0 eng d | ||
| 020 | |a 9781623560652 | ||
| 100 | |a DETTMAR, Kevin J.H. | ||
| 245 | |a Gang of four entertainment |c /Kevin J.H. Dettmar |g x,142p | ||
| 260 | |b Bloomsbury |c 2014 |h New York |i 700015 |i 700016 |l ML3554.D48 |m Gang of four (Musical Group) |m New wave music - History and criticism | ||
| 500 | |a it includes references | ||
| 942 | |a lcc |c BK |e Johnson |f 23/04/24 | ||
| 952 | |0 0 |1 0 |2 lcc |4 0 |6 ML3554 D48 |7 0 |9 5028 |a ART |b HOL |c LP |d 2024-04-03 |l 0 |o ML3554.D48 |p 2024-0279 |r 2024-04-03 00:00:00 |t 700015 |w 2024-04-03 |y BK | ||
| 952 | |0 0 |1 0 |2 lcc |4 0 |6 ML3554 D48 |7 0 |9 5029 |a HOL |b HOL |c LP |d 2024-04-03 |l 0 |o ML3554.D48 |p 2024-0280 |r 2024-04-03 00:00:00 |t 700016 |w 2024-04-03 |y BK | ||
| 999 | |c 2496 |d 2496 | ||